Proč motivace selhává
Predstavy o motivácii pracovníkov, dôvody k motivácii. Základné pravidlo motivácie.
Na minha lista:
| Autor principal: | |
|---|---|
| Formato: | Capítulo de Livro |
| Idioma: | tcheco |
| Assuntos: | |
| Tags: |
Sem tags, seja o primeiro a adicionar uma tag!
|
MARC
| LEADER | 00000naa a2200000 4500 | ||
|---|---|---|---|
| 001 | 0146021 | ||
| 005 | 20231019115613.6 | ||
| 041 | 0 | |a cze | |
| 044 | |a CZ | ||
| 245 | 1 | 0 | |a Proč motivace selhává |c Jan Urban |
| 520 | |a Predstavy o motivácii pracovníkov, dôvody k motivácii. Základné pravidlo motivácie. | ||
| 610 | 2 | 0 | |a motivácia pracovná |
| 610 | 2 | 0 | |a stimuly pracovné |
| 100 | 1 | |a Urban, Jan | |